Score 0/10 Timer 01:00
2 Plays Today
Clue 4-Letter Word % Correct
HairlessBALD
98.3%
It grows when your food goes bad (US spelling)MOLD
96.1%
Confident, courageousBOLD
94.5%
A spy or a skin blemishMOLE
90.8%
A formal dance for a debutanteBALL
90.7%
You can dig it?HOLE
89.1%
Othello or Monopoly, e.g.GAME
88.2%
Metaphorically, where the heart isHOME
87.9%
A knighted womanDAME
86.4%
A type of football stadiumDOME
85.6%

Today's Daily Dose

Remove Ads.
Support Sporcle.
Get the best of Sporcle when you Go Orange. This ad-free experience offers more features, more stats, and more fun while also helping to support Sporcle. Thank you for becoming a member.

You're not logged in!

Compare scores with friends on all Sporcle quizzes.
OR
Log In

Show Comments

Extras

Top Quizzes Today


Score Distribution

Your Account Isn't Verified!

In order to create a playlist on Sporcle, you need to verify the email address you used during registration. Go to your Sporcle Settings to finish the process.

Report this User

Report this user for behavior that violates our Community Guidelines.

Details: